[Event "CZE-ch Seniors 70"]
[Site "Rychnov nad Kneznou"]
[Date "2015.08.22"]
[Round "8"]
[White "Vlasak, Ladislav"]
[Black "Zikmund, Jaroslav"]
[Result "1/2-1/2"]
[WhiteElo "1771"]
[BlackElo "1830"]
[PlyCount "72"]
[EventDate "2015.08.15"]
[EventType "swiss"]
[EventRounds "9"]
[EventCountry "CZE"]
[SourceTitle "EXT 2016"]
[Source "ChessBase"]
[SourceDate "2015.10.08"]
[SourceVersion "1"]
[SourceVersionDate "2015.10.08"]
[SourceQuality "1"]

1. e4 c5 2. c3 d6 3. d4 cxd4 4. cxd4 Nf6 5. Nc3 g6 6. Be3 Bg7 7. h3 0-0 8. Qd2 Nc6 9. Bb5 a6 10. Bxc6 bxc6 11. Bh6 Bxh6 12. Qxh6 Rb8 13. Qd2 Qa5 14. Nge2 e5 15. 0-0 Be6 16. Rfc1 Bc4 17. Qc2 Rfc8 18. b3 Bxe2 19. Nxe2 exd4 20. Nxd4 c5 21. Ne2 Qb6 22. Qc4 Qc6 23. Nc3 Rb4 24. Qd3 Rd4 25. Qf3 Nxe4 26. Ne2 Rb4 27. a3 Rbb8 28. Rd1 d5 29. Rac1 Qe6 30. Nf4 Ng5 31. Qxd5 Qxd5 32. Rxd5 Ne4 33. f3 Nf6 34. Rdxc5 Rxc5 35. Rxc5 Rxb3 36. Ra5 Rb6 1/2-1/2

[Event "Rychnov Seniors op"]
[Site "Rychnov nad Kneznou"]
[Date "2012.08.25"]
[Round "6"]
[White "Vlasak, Ladislav"]
[Black "Stec, Frantisek"]
[Result "1/2-1/2"]
[WhiteElo "1843"]
[BlackElo "2033"]
[PlyCount "70"]
[EventDate "2012.08.20"]
[EventType "swiss"]
[EventRounds "9"]
[EventCountry "CZE"]
[SourceTitle "CBM 150 Extra"]
[Source "ChessBase"]
[SourceDate "2012.10.19"]
[SourceVersion "1"]
[SourceVersionDate "2012.10.19"]
[SourceQuality "1"]

1. e4 c5 2. Nc3 Nc6 3. g3 g6 4. Bg2 Bg7 5. d3 d6 6. Be3 Rb8 7. Qd2 Bd7 8. h4 h5 9. Nf3 Nd4 10. Ng5 Qc8 11. Nd1 Nh6 12. c3 Ne6 13. f3 f6 14. Nxe6 Bxe6 15. d4 b6 16. Nf2 f5 17. Bf4 cxd4 18. cxd4 Qc4 19. d5 Bd7 20. Bf1 Qd4 21. Qxd4 Bxd4 22. Rb1 Rc8 23. Bd3 Nf7 24. Ke2 Ne5 25. Bxe5 Bxe5 26. f4 Bd4 27. b3 Kf7 28. Rhc1 Rc5 29. Rxc5 bxc5 30. Nh3 Kg7 31. Ng5 fxe4 32. Bxe4 Bg4+ 33. Bf3 Bf5 34. Rc1 a5 35. Be4 Bg4+ 1/2-1/2

[Event "Rychnov Seniors op"]
[Site "Rychnov nad Kneznou"]
[Date "2012.08.22"]
[Round "3"]
[White "Hajek, Jaroslav"]
[Black "Vlasak, Ladislav"]
[Result "1/2-1/2"]
[WhiteElo "1918"]
[BlackElo "1843"]
[PlyCount "115"]
[EventDate "2012.08.20"]
[EventType "swiss"]
[EventRounds "9"]
[EventCountry "CZE"]
[SourceTitle "CBM 150 Extra"]
[Source "ChessBase"]
[SourceDate "2012.10.19"]
[SourceVersion "1"]
[SourceVersionDate "2012.10.19"]
[SourceQuality "1"]

1. e4 e6 2. d4 d5 3. Nd2 c5 4. exd5 exd5 5. Ngf3 Nc6 6. Bb5 Bd6 7. 0-0 Nge7 8. dxc5 Bxc5 9. Nb3 Bb6 10. Re1 0-0 11. Bf4 Nf5 12. c3 Bxf2+ 13. Kxf2 Qb6+ 14. Kf1 Qxb5+ 15. Kg1 Be6 16. Qd2 a5 17. Nfd4 Nfxd4 18. Nxd4 Nxd4 19. cxd4 Rac8 20. Rac1 Bf5 21. a3 a4 22. Kf2 Qd3 23. Qxd3 Bxd3 24. Rxc8 Rxc8 25. Rc1 Bc4 26. Bd2 f5 27. g3 Kf7 28. Re1 Kf6 29. Bb4 Bb3 30. Bc3 g5 31. Re5 b5 32. Ke3 Rg8 33. Kf2 Bc2 34. Rxd5 Bb3 35. Rxb5 Ke6 36. Re5+ Kf6 37. d5 Kg6 38. Re6+ Kh5 39. Rf6 Bxd5 40. Rxf5 Be4 41. Ra5 Bc2 42. h4 h6 43. hxg5 Rxg5 44. Be5 Kg4 45. Ke3 h5 46. Kd4 Rf5 47. Ra7 Rf1 48. Rg7+ Kf3 49. Rg5 Rh1 50. Kc3 Bd1 51. Rg7 Ke4 52. Bf6 Rf1 53. Re7+ Kf5 54. Bd4 Rf3+ 55. Kd2 Bb3 56. Re3 Rxe3 57. Kxe3 Kg4 58. Be5 1/2-1/2

[Event "Rychnov op"]
[Site "Rychnov nad Kneznou"]
[Date "2010.08.29"]
[Round "7"]
[White "Vlasak, Ladislav"]
[Black "Gernert, Vilem"]
[Result "1-0"]
[WhiteElo "1824"]
[BlackElo "1839"]
[PlyCount "107"]
[EventDate "2010.08.23"]
[EventType "swiss"]
[EventRounds "7"]
[EventCountry "CZE"]
[SourceTitle "CBM 138 Extra"]
[Source "ChessBase"]
[SourceDate "2010.10.29"]
[SourceVersion "1"]
[SourceVersionDate "2010.10.29"]
[SourceQuality "1"]

1. e4 c5 2. Nc3 Nc6 3. g3 g6 4. Bg2 Bg7 5. d3 d6 6. Be3 Bd7 7. Qd2 a6 8. Nge2 e6 9. 0-0 Nge7 10. Bh6 0-0 11. h4 e5 12. Bxg7 Kxg7 13. Kh2 Be6 14. f4 f5 15. exf5 Bxf5 16. Rae1 Rb8 17. Ne4 h5 18. Ng5 Qd7 19. c3 Ng8 20. d4 cxd4 21. cxd4 exd4 22. Nxd4 Nxd4 23. Qxd4+ Rf6 24. Rf2 Bg4 25. Ne4 d5 26. Nxf6 Nxf6 27. Rd2 Rd8 28. Qc5 Be6 29. Qd4 Kf7 30. Rc2 Bf5 31. Rc3 Be4 32. Rec1 Qb5 33. Rc7+ Rd7 34. Rxd7+ Qxd7 35. Bxe4 Nxe4 36. Qe5 Nf6 37. Qc7 Ke6 38. Qxd7+ Kxd7 39. Kg2 Ne4 40. Kf3 Nf6 41. Ke3 Ne4 42. Rg1 Nf6 43. Rf1 Ne4 44. Rf3 Nf6 45. Kd4 Kd6 46. f5 gxf5 47. Rxf5 Ke6 48. Rg5 b6 49. b4 Kd6 50. a4 a5 51. b5 Ke6 52. Rg6 Kf7 53. Rxf6+ Kxf6 54. Kxd5 1-0

[Event "Hradec Kralove Region-chT 0506"]
[Site "Czech Republic"]
[Date "2006.04.02"]
[Round "11.7"]
[White "Prazak, Ludek"]
[Black "Vlasak, Ladislav"]
[Result "1/2-1/2"]
[WhiteElo "1945"]
[BlackElo "1858"]
[PlyCount "50"]
[EventDate "2005.10.23"]
[EventType "team-tourn"]
[EventRounds "11"]
[EventCountry "CZE"]
[SourceTitle "EXT 2024"]
[Source "ChessBase"]
[SourceDate "2023.10.10"]
[SourceVersion "1"]
[SourceVersionDate "2023.10.10"]
[SourceQuality "1"]
[WhiteTeam "Nachod Sokol"]
[BlackTeam "Hradec Kralove Slavia III"]
[WhiteTeamCountry "CZE"]
[BlackTeamCountry "CZE"]

1. e4 e6 2. d4 d5 3. exd5 exd5 4. Bd3 Nf6 5. Bg5 Bd6 6. Nf3 0-0 7. 0-0 Bg4 8. Nbd2 Nbd7 9. c3 Bh5 10. Qc2 Bg6 11. Rfe1 c6 12. Ne5 Bxd3 13. Qxd3 Qc7 14. Ndf3 Ne4 15. Nxd7 Qxd7 16. Bh4 Qf5 17. Rad1 Rae8 18. Bg3 Nxg3 19. hxg3 Qxd3 20. Rxd3 Rxe1+ 21. Nxe1 Re8 22. Kf1 b6 23. Nc2 Re6 24. Ne3 g6 25. Nc2 f5 1/2-1/2

[Event "Hradec Kralove Region-chT 0506"]
[Site "Czech Republic"]
[Date "2006.03.05"]
[Round "9.7"]
[White "Sipek, Vitezslav"]
[Black "Vlasak, Ladislav"]
[Result "1-0"]
[WhiteElo "1859"]
[BlackElo "1858"]
[PlyCount "55"]
[EventDate "2005.10.23"]
[EventType "team-tourn"]
[EventRounds "11"]
[EventCountry "CZE"]
[SourceTitle "EXT 2024"]
[Source "ChessBase"]
[SourceDate "2023.10.10"]
[SourceVersion "1"]
[SourceVersionDate "2023.10.10"]
[SourceQuality "1"]
[WhiteTeam "Rychnov nad Kneznou"]
[BlackTeam "Hradec Kralove Slavia III"]
[WhiteTeamCountry "CZE"]
[BlackTeamCountry "CZE"]

1. e4 e6 2. d4 d5 3. e5 c5 4. c3 Nc6 5. f4 Qb6 6. Nf3 cxd4 7. cxd4 Nge7 8. Bd3 Bd7 9. Bc2 Qa6 10. Nc3 Nb4 11. Bb1 Rc8 12. a3 Nf5 13. g4 Nh6 14. h3 Be7 15. Be3 Nc6 16. Bd3 Qb6 17. Qc2 Na5 18. f5 Ng8 19. Nd2 Bh4+ 20. Ke2 f6 21. Nf3 g5 22. Rab1 Qb3 23. Qxb3 Nxb3 24. Nb5 Bxb5 25. Bxb5+ Ke7 26. Nxh4 gxh4 27. Kd3 Kf7 28. Bd7 1-0